Fyzika část 5: Moderní fyzika. Vysokoškolská učebnice obecné fyziky

Gespeichert in:
Bibliographische Detailangaben
1. Verfasser: Halliday, David
Weitere Verfasser: Resnick, Robert, Walker, Jearl
Format: Buch
Sprache:Tschechisch
Veröffentlicht: Brno VUTIUM 2000
Ausgabe:6. vyd.
Schlagworte:
Online-Zugang:Im OPAC anzeigen
Tags: Tag hinzufügen
Keine Tags, Fügen Sie das erste Tag hinzu!

MARC

LEADER 00000nam a2200000 a 4500
005 20260127134134.0
008 060420 2000 xr 000 0 cze d
020 |a 8021418680 
035 |a vtls008692170 
039 9 |a 200604201208  |b mschk03  |c 200604201139  |d mschk03  |c 200604201135  |d mschk03  |y 200604201129  |z mschk03 
040 |a STUSCHK1  |b slo  |c STUSCHK1  |e AACR2 
080 |a 53 
100 1 |a Halliday, David 
245 1 |a Fyzika  |b část 5: Moderní fyzika. Vysokoškolská učebnice obecné fyziky 
250 |a 6. vyd. 
260 |a Brno  |b VUTIUM  |c 2000 
300 |a 1034-1198 s.,príl.; 5 část 
500 |a část 5. Moderní fyzika 
650 0 |a fyzika 
700 1 |a Resnick, Robert 
700 1 |a Walker, Jearl 
910 |a SCHK95 
919 |a 80-214-1868-0 
999 |c 4955  |d 4955